Statistics for Top Ten "Best" Countries Quiz

Click here to take the quiz!

General Stats

  • This quiz has been taken 27 times
  • The average score is 9 of 10

Answer Stats

HintAnswer% Correct
8United States
96%
6Sweden
92%
2Canada
88%
3Germany
88%
4United Kingdom
88%
7Australia
88%
9France
88%
5Japan
84%
10Netherlands
84%
1Switzerland
76%

Score Distribution

Percentile by Number Answered

Percent of People with Each Score

Your Score History

You have not taken this quiz